Logo CIB grande

FUNDAMENTALS OF HEAT AND MASS TRANSFER (Registro nro. 232490)

Detalles MARC
000 -LEADER
campo de control de longitud fija 00654nam a2200253Ia 4500
005 - FECHA Y HORA DE LA ÚLTIMA TRANSACCIÓN
campo de control 20250425162608.0
008 - DATOS DE LONGITUD FIJA--INFORMACIÓN GENERAL
campo de control de longitud fija 250425s9999 xx 000 0 und d
020 ## - NÚMERO INTERNACIONAL ESTÁNDAR DEL LIBRO
Número Internacional Estándar del Libro 9780470501979
041 ## - CÓDIGO DE IDIOMA
Código de lengua del texto/banda sonora o título independiente eng
082 ## - NÚMERO DE LA CLASIFICACIÓN DECIMAL DEWEY
Número de clasificación 621.4022
010 ## - NÚMERO DE CONTROL DE LA BIBLIOTECA DEL CONGRESO
Número de control de LC 88435
100 ## - ENTRADA PRINCIPAL--NOMBRE DE PERSONA
Nombre de persona BERGMAN, THEODORE L.
245 #0 - MENCIÓN DEL TÍTULO
Título FUNDAMENTALS OF HEAT AND MASS TRANSFER
250 ## - MENCION DE EDICION
Mención de edición 7TH ED.
260 ## - PUBLICACIÓN, DISTRIBUCIÓN, ETC.
Lugar de publicación, distribución, etc. Estados Unidos
Nombre del editor, distribuidor, etc. JOHN WILEY AND SONS
Fecha de publicación, distribución, etc. 2011
260 ## - PUBLICACIÓN, DISTRIBUCIÓN, ETC.
Lugar de publicación, distribución, etc. HOBOKEN
300 ## - DESCRIPCIÓN FÍSICA
Extensión 1048
650 ## - PUNTO DE ACCESO ADICIONAL DE MATERIA--TÉRMINO DE MATERIA
Término de materia o nombre geográfico como elemento de entrada TRANSFERENCIA DE MASA
650 ## - PUNTO DE ACCESO ADICIONAL DE MATERIA--TÉRMINO DE MATERIA
Término de materia o nombre geográfico como elemento de entrada TRANSMISION DE CALOR
700 ## - ENTRADA AGREGADA--NOMBRE PERSONAL
Nombre de persona DEWITT, DAVID P.
700 ## - ENTRADA AGREGADA--NOMBRE PERSONAL
Nombre de persona INCROPERA, FRANK P.
700 ## - ENTRADA AGREGADA--NOMBRE PERSONAL
Nombre de persona LAVINE, ADRIENNE S.
942 ## - ELEMENTOS DE ENTRADA SECUNDARIOS (KOHA)
Tipo de ítem Koha Libros
Existencias
Estatus retirado Estado de pérdida Estado de daño No para préstamo Biblioteca de origen Biblioteca actual Ubicación en estantería Fecha de adquisición Coste, precio normal de compra Etiqueta RFID Total de préstamos Código de barras Visto por última vez Fecha del último préstamo Copia número Tipo de ítem Koha Total de renovaciones Fuente de la clasificación o esquema de estantería Signatura topográfica completa
        CENTRO DE INFORMACIÓN BIBLIOTECARIA CENTRO DE INFORMACIÓN BIBLIOTECARIA   04/12/2013 270.00 0000000000000000015126 19 56922 22/01/2026 20/01/2026 1 Libros      
        CENTRO DE INFORMACIÓN BIBLIOTECARIA CENTRO DE INFORMACIÓN BIBLIOTECARIA   04/12/2013 270.00 0000000000000000015121 18 56923 21/01/2026 15/01/2026 2 Libros 2    
        CENTRO DE INFORMACIÓN BIBLIOTECARIA CENTRO DE INFORMACIÓN BIBLIOTECARIA   04/12/2013 270.00 0000000000000000015110 18 56924 19/11/2025 13/11/2025 3 Libros 4 Clasificación Decimal Dewey 621.4022
        CENTRO DE INFORMACIÓN BIBLIOTECARIA CENTRO DE INFORMACIÓN BIBLIOTECARIA   04/12/2013 270.00 0000000000000000015118 21 56925 21/01/2026 13/01/2026 4 Libros 4    
        CENTRO DE INFORMACIÓN BIBLIOTECARIA CENTRO DE INFORMACIÓN BIBLIOTECARIA   04/12/2013 270.00 0000000000000000015129 14 56927 23/01/2026 19/01/2026 6 Libros 1 Clasificación Decimal Dewey 621.4022
        CENTRO DE INFORMACIÓN BIBLIOTECARIA CENTRO DE INFORMACIÓN BIBLIOTECARIA   04/12/2013 270.00 0000000000000000015133 32 56928 21/01/2026 21/01/2026 7 Libros   Clasificación Decimal Dewey 621.4022
        CENTRO DE INFORMACIÓN BIBLIOTECARIA CENTRO DE INFORMACIÓN BIBLIOTECARIA   04/12/2013 270.00 0000000000000000015131 34 56929 26/01/2026 21/01/2026 8 Libros   Clasificación Decimal Dewey 621.4022

Copyright 2025 ESPOL. Todos los derechos reservados.